000 00795nam a22002297a 4500
005 20250429113043.0
008 250429b |||||||| |||| 00| 0 eng d
020 _a978-81-7702-483-3 (hbk)
037 _cTB
040 _aCRL
_cCRL
041 _2eng
_aeng
084 _aO15jN45 152R1
_qCRL
245 _aGems of vedic wisdom
260 _aDelhi, Bharat:
_bPratibha Prakashan,
_c2021.
300 _axxxii, 542p.
365 _b4595.00
_cINR
650 _2Sanskrit Literature
700 _aShastri, Dinesh Chandra
_eeditor.
_9753375
700 _aBehera, Ranjit
_eeditor.
_9753376
942 _2CC
_cTB
_hO15jN45 152R1
_n0
999 _c1309717
_d1309717